000 00715nam a2200229 a 4500
001 16334
003 CO-ViMGA
008 141112s2004 ck r 000 u spa d
020 _a9583007412
040 _aCO-ViMGA
_bspa
_cCO-ViMGA
082 0 4 _aHERco
100 1 _aHernández, Carlos Nicolás , 1953 -
_923357
245 1 0 _aCoplas picantes de amor y humor
260 _aBogotá :
_bPanAméricana,
_c1999
300 _a64.p.
490 _aCuadernillos de poesía
590 _aForma de adquisición : Premio - Mincultura
650 1 4 _aCANCIONES FOLCLORICAS COLOMBIANAS - COLECCIONES
_923358
650 1 4 _aCOPLAS COLOMBIANAS - COLECCIONES
_93755
650 1 4 _aPOESIA COLOMBIANA - COLECCIONES
942 _2ddc
_cBK
999 _c26218
_d26218